000 00548nam a2200193Ia 4500
003 IN-BaIIA
008 211028s9999 xx 000 0 eng d
020 _a3-540-43342-2
040 _cIIA Library
080 _a530.145
_bMAR
100 _aMarchildon, L
_929107
245 0 _aQuantum mechanics
_cMarchildon, L
260 _aBerlin
_bSpringer-Verlag
_c2000
300 _axvi, 560p.
490 _aAdvanced texts in physics
650 _aQuantum mechanics
650 _aQuantum theory
942 _cBK
999 _c15795
_d15795